| 000 | 00506nam a2200169 a 4500 | ||
|---|---|---|---|
| 001 | 000034305 | ||
| 005 | 20200930073629.0 | ||
| 008 | 111003s2010 br r 000 0 spa d | ||
| 020 | _a9788599508244 | ||
| 040 |
_aDO-SdBNP _bspa _cBNPHU |
||
| 082 |
_axxxx _bN117a |
||
| 100 | 1 |
_aNabuco, Joaquín, _d1849-1910 _959737 |
|
| 245 | 1 | 0 |
_aA escravidão / _cJoaquín Nabuco. |
| 260 |
_aRio de Janeiro : _bFundacáo Biblioteca Nacional _bBatel, _c2010. |
||
| 300 |
_a125 p. ; _c22 cm. |
||
| 590 | _aInventariado, 2019/BT | ||
| 999 |
_c33796 _d33796 |
||